Qualitative theorie nichtlinearer Differentialgleichungen /

Guardado en:
Autor Principal: Reissig, Rolf, 1922-
Otros Autores: Sansone, Giovanni, 1888-, Conti, Roberto, 1923-
Formato: Libro
Idioma:German
Publicado: Roma : Edizioni Cremonese, [1963]
Series:Pubblicazione dell'Istituto nazionale di alta matematica.
Materias:
Etiquetas: Agregar Etiqueta
Sin Etiquetas, Sea el primero en etiquetar este registro!
LEADER 00893cam a22002411a 4500
001 MAT.inmabb005574
008 780301s1963####it#a#####b####000#0#ger##
005 20170823155138.0
245 1 0 |a Qualitative theorie nichtlinearer Differentialgleichungen /  |c [von] R. Reissig, G. Sansone [und] R. Conti. 
260 |a Roma :  |b Edizioni Cremonese,  |c [1963] 
300 |a xxxii, 381 p. :  |b il. ;  |c 25 cm. 
490 1 |a Pubblicazioni dell'Istituto nazionale di alta matematica 
504 |a Bibliografía: p. [xv]-xxxii. 
510 4 |a MR,  |c 28 #1347 
100 1 |a Reissig, Rolf,  |d 1922- 
700 1 |a Sansone, Giovanni,  |d 1888- 
700 1 |a Conti, Roberto,  |d 1923- 
830 0 |a Pubblicazione dell'Istituto nazionale di alta matematica. 
650 0 |a Differential equations, Nonlinear. 
084 |a 34.00 (34.40)  |2 MR 
010 |a  72280331  
040 |a DLC  |c TU  |d DLC 
859 |h 34  |i R378  |p A-2750  |b BIB. MATEMATICA